000 00471nam a2200181Ia 4500
008 210707s1980 xx 000 0 und d
020 _a0070996113
041 _aeng
082 _a304.6 THOP
100 _aTHOMPSON (Warren S) and LEWIS (David T)
245 _aPopulation problems. Ed 5
250 _a5
260 _aNew Delhi.
_bTata McGraw-Hill Publishing Company Ltd.
_c1980
300 _axiv,593 p
365 _b39
_cINR
563 _aHB
650 _aPopulation
999 _c180106
_d180106